| 000 | 00619nam a22001817a 4500 | ||
|---|---|---|---|
| 999 |
_c13464 _d13464 |
||
| 008 | 190325b ||||| |||| 00| 0 eng d | ||
| 020 | _a9783110368314 | ||
| 082 |
_22014 _aAV-Eb 160 _bR431 |
||
| 100 |
_aRescher, Nicholas. _937675 |
||
| 245 |
_aLogical inquiries : _bbasic issues in philosophical logic _cBasic Issues in Philosophical Logic |
||
| 260 |
_bDe Gruyter, Inc. _c©2014. |
||
| 300 | _a154 pages; | ||
| 440 |
_aEide Ser. _937676 |
||
| 500 | _aIncludes index. | ||
| 650 |
_aLogic. _937677 |
||
| 856 | _yhttps://ebookcentral.proquest.com/lib/uniofmindanao-ebooks/detail.action?docID=1524412 | ||
| 942 |
_2ddc _cEB |
||